| 000 | 00776cab a22001935a 4500 | ||
|---|---|---|---|
| 001 | L159069 | ||
| 008 | 160106e20150512xxk 000 0 eng d | ||
| 035 | _a(Sirsi) u159069 | ||
| 041 | 0 | _aeng | |
| 100 | 1 | _aTonkin, Paul | |
| 245 | 0 | 2 | _aA lesson in possession |
| 260 | _c2015 | ||
| 490 |
_aEstates Gazette _v(1548) 5 December 2015, 76-77(2) |
||
| 520 | _aConsiders strategies and problems involved in obtaining possession for redevelopment under the Landlord and Tenant Act 1954. Includes information about the required period of notice until the tenancy can be brought to an end and the steps a landlord must take to ensure the required works are properly carried out. | ||
| 590 | _aKA | ||
| 651 | 4 | _aUnited Kingdom | |
| 690 |
_aLandlord and tenant _96252 |
||
| 942 | _n0 | ||
| 999 |
_c84790 _d84790 |
||